02224naa a2200289 i 4500001000400000003000400004005001700008008003900025040000800064080001700072100011900089245018700208260001000395500002100405520075300426650002101179650002701200655003001227700012101257773016301378711008201541700012301623700012301746942001301869999001501882952003701897BPPBPK20191005094031.0151204s2004 pl f |100 0 pol cBPK a621.3.037.37 aBIAŁKO, Michał.d1996 - .bPolitechnika Koszalińska - Wydział Elektroniki,cKatedra Inżynierii Komputerowej aUkłady cyfrowe zbudowane w oparciu o bramki prądowe : stan obecny, perspektywy rozwoju i zastosowania /cMichał Białko, Oleg Maslennikow, Natalia Maslennikowa, Piotr Pawłowski. c2004. aDane z autopsji. aOmówiono stan obecny oraz perspektywy rozwoju i zastosowania bramek cyfrowych pracujących w trybie prądowym, a także różnego rodzaju układów cyfrowych zbudowanych z bramek prądowych. Opracowanie podsumowuje kilkuletnie badania autorów nad koncepcją bramki prądowej i jej realizacją, podstawami algebry bramek prądowych oraz sposobów projektowania i weryfikacji cyfrowych układów prądowych działających w standardowej logice binarnej (Boole'a), jak i w wielowartościowych logikach z podstawą. W pracy rozpatrzono również możliwość wykorzystania bramek prądowych w układach reprogramowalnych, w których w sposób programowy może być określony typ systemu liczbowego oraz jego podstawa N. 0aUkłady cyfrowe. aUkłady programowalne. 0aMateriały konferencyjne. aPAWŁOWSKI, Piotr.d1996 - .bPolitechnika Koszalińska - Wydział Elektroniki,cKatedra Systemów Elektronicznych iW :tTrzecia Krajowa Konferencja Elektroniki : materiały konferencji. T. 1/2. -dKoszalin : Wydaw. Uczelniane Politechniki Koszalińskiej, 2004. -gs. 83-93 aKrajowa Konferencja Elektronikin(3 ;d2004 ;cKołobrzeg, Polska).pKKE'2004 aMaslennikow, Olegd1996 - 2010.bPolitechnika Koszalińska - Wydział Elektroniki,cKatedra Inżynierii Komputerowej aMaslennikowa, Nataliad1999 - .bPolitechnika Koszalińska - Wydział Elektroniki,cKatedra Inżynierii Komputerowej cART2UKD c3682d3682 00104070aBPKbBPKo72243yART